| Tag |
First Indicator |
Second Indicator |
Subfields |
| LEADER |
00000cam a2200000 4500 |
| 001 |
in00003846513 |
| 005 |
20190415183526.0 |
| 006 |
m o d |
| 007 |
cr |n||||||||n |
| 008 |
930315s1743 enk|||| o 00| ||eng c |
| 035 |
|
|
|a (CU-RivES)N52169
|
| 035 |
|
|
|a (Uk-ES)006046079
|
| 035 |
|
|
|a (OCoLC)508251792
|
| 040 |
|
|
|a CU-RivES
|c CU-RivES
|d CU-RivES
|d CStRLIN
|d CU-RivES
|d Cengage Gale
|d UtOrBLW
|
| 100 |
1 |
|
|a Bentley, Richard,
|d 1662-1742.
|0 http://id.loc.gov/authorities/names/n50007421
|
| 245 |
1 |
0 |
|a Remarks upon a late discourse of free-thinking: by Phileleutherus Lipsiensis. Part the third.
|
| 264 |
|
3 |
|a Cambridge :
|b Printed by J. Bentham Printer to the University, for W. Thurlbourn bookseller in Cambridge; and sold by Messieurs Knaptons, Manby, and Beecroft, in London,
|c M.DCC.XLIII. [1743]
|
| 300 |
|
|
|a 1 online resource (pages pages3 unnumbered pages, 256-283, 1 unnumbered page)
|
| 336 |
|
|
|a text
|b txt
|2 rdacontent
|
| 337 |
|
|
|a computer
|b c
|2 rdamedia
|
| 338 |
|
|
|a online resource
|b cr
|2 rdacarrier
|
| 500 |
|
|
|a Phileleutherus Lipsiensis = Richard Bentley.
|
| 500 |
|
|
|a The titlepage to part three has no edition statement.
|
| 500 |
|
|
|a The 'Discourse of free-thinking' is by Anthony Collins.
|
| 510 |
4 |
|
|a English Short Title Catalog,
|c N52169.
|
| 500 |
|
|
|a Reproduction of original from Bodleian Library (Oxford).
|
| 500 |
|
|
|a Electronic resource.
|
| 600 |
1 |
0 |
|a Collins, Anthony,
|d 1676-1729.
|t Discourse of free-thinking.
|
| 655 |
|
7 |
|a Electronic books.
|2 local
|
| 710 |
2 |
|
|a Gale (Firm)
|0 http://id.loc.gov/authorities/names/no2008071348
|
| 752 |
|
|
|a Great Britain
|b England
|d Cambridge.
|
| 856 |
4 |
0 |
|u http://proxy.library.tamu.edu/login?url=http://find.galegroup.com/ecco/infomark.do?contentSet=ECCOArticles&docType=ECCOArticles&bookId=1442100900&type=getFullCitation&tabID=T001&prodId=ECCO&docLevel=TEXT_GRAPHICS&version=1.0&source=library&userGroupName=txshracd2898
|z Connect to the full text of this electronic book
|t 0
|
| 999 |
f |
f |
|s 17fd078f-d893-3049-88de-593831715f61
|i 61b93139-c7b6-3ec6-9ce9-d4d3c6a5f7d6
|t 0
|
| 952 |
f |
f |
|a Texas A&M University
|b College Station
|c Electronic Resources
|d Available Online
|t 0
|h No information provided
|
| 998 |
f |
f |
|t 0
|l Available Online
|